| 000 | 00643nam a22002055i 4500 | ||
|---|---|---|---|
| 001 | 152876 | ||
| 003 | ES-MaACL | ||
| 005 | 20250728110714.0 | ||
| 008 | 990722s1872 fr |||| | fre d | ||
| 040 |
_aCAM _bspa _cCAM |
||
| 080 | _a2 | ||
| 100 | 1 |
_aBurnouf, Emile. _932744 |
|
| 245 | 1 | 3 |
_aLa science des religions / _cpar Emile Burnouf. |
| 260 |
_aParis : _bMaisonneuve et C., libraires-éditeurs, _c1872 ( _fSordoillet et Fils) |
||
| 300 |
_aIX, 460 p. ; _c22 cm. |
||
| 650 | 0 | 7 |
_aReligión _2embne _916797 |
| 852 |
_aES-MaACL _jD-5019 _z-- Enc. hol. |
||
| 852 |
_aES-MaACL _jG-7790 _z-- Enc. hol. |
||
| 999 |
_c152876 _d152876 |
||